000
00343nam a2200145Ia 4500
008
150201s2005 xx 000 0 und d
082
_a
617.6
_b
M05S
100
_a
SCULLY,C
245
_a
MEDICAL PROBLEMS IN DENTISTRY
250
_a
5TH
260
_b
ELSIVIER CHURCHILL
_a
DELHI
_c
2005
300
_a
1-645
650
_a
DENTISTRY
942
_2
ddc
_c
BK
999
_c
427
_d
427